Statistiques concernant Les albums de Blake et Mortimer.

Cliquez ici pour prendre le quiz!

Statistiques générales

  • Ce quiz a été pris 127 fois
    (103 depuis la dernière actualisation)
  • Le résultat moyen est 15 sur 27

Statistiques - réponses

Albums% Correct
Le Secret de l'EspadonTome 1
99%
Le Secret de l'EspadonTome 2
99%
Le Secret de l'EspadonTome 3
99%
La Marque Jaune
92%
Le Mystère de la Grande PyramideTome 1
88%
Le Mystère de la Grande PyramideTome 2
88%
L'Affaire Francis Blake
70%
L'Affaire du Collier
66%
S.O.S. Météores
66%
La Machination Voronov
53%
Le Piège Diabolique
51%
L'Onde Septimus
49%
L'Énigme de l'Atlantide
48%
L'Étrange Rendez-vous
47%
Le Bâton de Plutarque
45%
La Malédiction des Trente DeniersTome 1
42%
La Malédiction des Trente DeniersTome 2
42%
Le Sanctuaire du Gondwana
39%
La Vallée des ImmortelsTome 1
34%
La Vallée des ImmortelsTome 2
34%
Le Testament de William S.
34%
Le Cri du Moloch
31%
Le Serment des Cinq Lords
31%
Les Trois Formules de Professeur SatôTome 2
31%
Les Trois Formules de Professeur SatôTome 1
31%
Les Sarcophages du 6e ContinentTome 1
29%
Les Sarcophages du 6e ContinentTome 2
29%

Distribution des résultats

Percentile par nombre de réponses

% des personnes avec chaque résultat

Votre développement - résultats

Vous n’avez pas pris ce quiz depuis la dernière actualisation